| 000 | 00631nam a2200193 a 4500 | ||
|---|---|---|---|
| 001 | 000047629 | ||
| 005 | 20230131102203.0 | ||
| 008 | 180705s2017 dr 000 0 spa d | ||
| 020 | _a9789945168549 | ||
| 040 |
_aDO-SdBNP _bspa _cBNPHU |
||
| 082 |
_axxx _bxxxx |
||
| 100 | 1 |
_aMorel, Luis A. Ulloa _9691 |
|
| 245 | 1 | 0 |
_aPedagogía centrada en el interés en el marco de una visión ecosistémica de la educación. / _cLuis Ulloa Morel. |
| 260 |
_aSanto Domingo, : _bBúho, _c2017. |
||
| 300 |
_a40 p. ; _c26 cm. |
||
| 504 | _aBibliografía p: 39-40 | ||
| 500 | _aIncluye notas a pie de páginas | ||
| 590 | _aInventariado, 2018/ YL | ||
| 999 |
_c47117 _d47117 |
||